| 000 | 00427nam a22001697a 4500 | ||
|---|---|---|---|
| 999 |
_c12824 _d12824 |
||
| 005 | 20190225055436.0 | ||
| 008 | 190225b xxu||||| |||| 00| 0 eng d | ||
| 041 | _aspa | ||
| 099 |
_aR-342.87003 _bS939 |
||
| 100 | _aSuárez, Santiago Gerardo | ||
| 245 | _aDiccionario de la constitución | ||
| 250 | _ano tiene | ||
| 260 |
_aCaracas _c1978 |
||
| 300 |
_a938p. _c23x16 cm |
||
| 500 | _aimpreso/tapa dura | ||
| 942 |
_2ddc _cLIB |
||